[Event "34th Chess Olympiad (men)"]
[Site "Istanbul"]
[Date "2000.11.05"]
[Round "8.25.1"]
[White "Johansen, Darryl K"]
[Black "Fernandes, Antonio"]
[WhiteElo "2505"]
[BlackElo "2438"]
[WhiteCountry "AUS"]
[BlackCountry "POR"]
[Result "1/2-1/2"]

1. c4 e5 2. Nc3 Nc6 3. e3 g6 4. d4 d6 5. d5 Nce7 6. e4 a5 7. f4 f6 8. c5 exf4 
9. Bxf4 g5 10. Bb5+ Kf7 11. cxd6 gxf4 12. dxe7 Nxe7 13. Qh5+ Ng6 14. O-O-O Bb4 
15. Rd3 Qd6 16. Nf3 Kg7 17. a3 Bc5 18. Ba4 Rg8 19. Kb1 Ne5 20. Nb5 Nxd3 
21. Nxd6 cxd6 22. Bc2 Ne5 23. Nxe5 fxe5 24. g3 f3 25. Qxf3 Bd7 26. Qe2 b5 
27. Bd3 Raf8 28. Bxb5 Rf2 29. Qxf2 Bxf2 30. Bxd7 Bc5 31. Rf1 Rb8 32. Rf3 Bd4 
33. b3 Bc5 34. Ka2 h5 35. Rc3 Kf6 36. Bf5 Kg5 37. h4+ Kh6 38. Rf3 Rf8 
39. Rf1 Rf7 40. Rf3 Rf8 41. g4 hxg4 42. Bxg4 Rg8 43. Rf6+ Kg7 44. Rf5 Be3 
45. Rf3 Bf4 46. b4 Kh6 47. Be6 Rg2+ 48. Kb3 axb4 49. Kxb4 Re2 50. Bf5 Be3 
51. a4 Bc5+ 52. Kb5 Rb2+ 53. Ka6 Ra2 54. Ka5 Rb2 55. Rh3 Kh5 56. Rh1 Rb4 
57. Rh2 Rb1 58. Bd7 Re1 59. Bf5 Rb1 60. Bd7 Re1 61. Be8+ Kh6 62. Kb5 Rxe4 
63. Ra2 Rd4 64. Kc6 e4 65. h5 e3 66. Bg6 Rd2 67. Rxd2 exd2 68. Bc2 Kxh5 69. a5 
1/2-1/2

[Event "34th Chess Olympiad (men)"]
[Site "Istanbul"]
[Date "2000.11.05"]
[Round "8.25.4"]
[White "Dias, Paulo"]
[Black "Sandler, Leonid"]
[WhiteElo "2302"]
[BlackElo "2416"]
[WhiteCountry "POR"]
[BlackCountry "AUS"]
[Result "1-0"]

1. d4 d5 2. c4 e6 3. Nc3 Be7 4. Nf3 Nf6 5. e3 O-O 6. Qc2 Nbd7 7. b3 b6 
8. Be2 Bb7 9. O-O c5 10. cxd5 Nxd5 11. Nxd5 Bxd5 12. Bb2 Rc8 13. Qd2 Qc7 
14. Ba6 Bb7 15. Bxb7 Qxb7 16. Qe2 cxd4 17. Nxd4 Bf6 18. e4 Rc5 19. f4 e5 
20. b4 Rc7 21. Nb5 Rc6 22. Rad1 exf4 23. Rxf4 Bxb2 24. Qxb2 Re6 25. Rf3 Ne5 
26. Rff1 Nc4 27. Qd4 Rxe4 28. Qd7 Qa6 29. Qd5 g6 30. Nc7 Qc8 31. Qxe4 Qxc7 
32. Rc1 b5 33. Kh1 Qd6 34. Qe1 h5 35. a4 a6 36. axb5 axb5 37. Rd1 Qc6 
38. Qf2 Qc7 39. Rd5 Rb8 40. Rfd1 Qe7 41. Rd7 Qe6 42. Rd8+ Rxd8 43. Rxd8+ Kg7 
44. Qd4+ f6 45. Qd7+ Qxd7 46. Rxd7+ Kh6 47. Rd5 Na3 48. Kg1 g5 49. Kf2 Kg6 
50. Rc5 Kf7 51. Ke3 Ke6 52. Kd4 h4 53. h3 Kd6 54. Ke4 Nc4 55. Kf5 Ne3+ 
56. Kxf6 g4 57. Rxb5 g3 58. Kg5 Nxg2 59. Rc5 Ne1 60. Rc1 Nf3+ 61. Kg4 Nd4 
62. Rd1 Ke5 63. Kxh4 Nf5+ 64. Kg5 Ne3 65. Rg1 g2 66. h4 Ke4 67. h5 Kd5 
1-0

[Event "34th Chess Olympiad (men)"]
[Site "Istanbul"]
[Date "2000.11.05"]
[Round "8.26.1"]
[White "Clavijo, Jorge"]
[Black "Mikhalchishin, Adrian"]
[WhiteElo "2414"]
[BlackElo "2544"]
[WhiteCountry "COL"]
[BlackCountry "SLO"]
[Result "0-1"]

1. d4 Nf6 2. c4 g6 3. Nf3 Bg7 4. Nc3 d5 5. cxd5 Nxd5 6. e4 Nxc3 7. bxc3 c5 
8. Rb1 O-O 9. Be2 b6 10. O-O Bb7 11. Qd3 Ba6 12. Qe3 Qd7 13. Bxa6 Nxa6 
14. d5 Qa4 15. Rb3 Nc7 16. Ra3 Qd7 17. c4 e5 18. Qg5 f6 19. Qh4 Ne8 20. Nd2 Nd6 
21. Rh3 h6 22. f4 exf4 23. Qxf4 g5 24. Qg3 Rae8 25. Qd3 f5 26. exf5 Rxf5 
27. Rhf3 Rxf3 28. Nxf3 Qf5 29. Qd1 Qg4 30. Re1 Qxc4 31. Rxe8+ Nxe8 32. Be3 Nd6 
33. Bf2 Qxa2 34. h3 Ne4 35. Be3 Nc3 36. Qd3 Qxd5 37. Qg6 Qe4 
0-1

[Event "34th Chess Olympiad (men)"]
[Site "Istanbul"]
[Date "2000.11.05"]
[Round "8.26.2"]
[White "Pavasovic, Dusko"]
[Black "Echavarria, Johann"]
[WhiteElo "2523"]
[BlackElo "2328"]
[WhiteCountry "SLO"]
[BlackCountry "COL"]
[Result "1-0"]

1. e4 c5 2. Nf3 Nc6 3. Bb5 g6 4. Bxc6 bxc6 5. O-O Bg7 6. Re1 Nh6 7. c3 O-O 
8. d4 cxd4 9. cxd4 d5 10. e5 Bg4 11. Nbd2 Qb6 12. h3 Bxf3 13. Nxf3 c5 
14. Bg5 cxd4 15. Qd2 Nf5 16. g4 f6 17. exf6 exf6 18. Bf4 Nd6 19. Qxd4 Qxd4 
20. Nxd4 Ne4 21. Ne6 Rf7 22. Rad1 Ng5 23. Bxg5 fxg5 24. Nxg7 Kxg7 25. Rxd5 Kh6 
26. Red1 Rb7 27. b3 a5 28. Rd7 Rb4 29. R1d4 Rb5 30. R4d5 Rxd5 31. Rxd5 a4 
32. b4 a3 33. Kg2 Rb8 34. b5 Rb7 35. Re5 Rb8 36. Kf1 Rc8 37. Re3 Rc1+ 
38. Kg2 Rb1 39. Rxa3 Rxb5 40. Kf3 Rb7 41. Rb3 Ra7 42. a3 Kg7 43. Ke4 Kf6 
44. Kd5 h5 45. Rf3+ Ke7 46. Kc5 h4 47. Kb5 Rb7+ 48. Ka6 Rb2 49. a4 Ke6 
50. a5 Ke5 51. Ka7 Ke4 52. Ra3 Kd5 53. a6 Kc6 54. Rf3 Kc7 55. Rf7+ Kc6 
56. Rf6+ Kc7 57. Rxg6 Rxf2 58. Rxg5 Rf3 59. Rc5+ Kd6 60. Kb6 Rxh3 61. a7 Ra3 
62. Ra5 Rb3+ 63. Ka6 
1-0

[Event "34th Chess Olympiad (men)"]
[Site "Istanbul"]
[Date "2000.11.05"]
[Round "8.26.3"]
[White "Uribe, Mauricio"]
[Black "Sermek, Drazen"]
[WhiteElo "2293"]
[BlackElo "2514"]
[WhiteCountry "COL"]
[BlackCountry "SLO"]
[Result "1/2-1/2"]

1. e4 d5 2. exd5 Qxd5 3. Nc3 Qd6 4. d4 Nf6 5. Nf3 a6 6. g3 b5 7. Bg2 Bb7 
8. O-O e6 9. Bf4 Qd8 10. Ne5 Bxg2 11. Kxg2 Bb4 12. Qf3 Bxc3 13. Qxa8 Bxb2 
14. Rab1 Bc3 15. Qf3 Qd5 16. Rfd1 Qxf3+ 17. Nxf3 Nd5 18. Rd3 Kd7 19. Bd2 Bxd2 
20. Ne5+ Ke7 21. Rxd2 f6 22. Nd3 Nd7 23. a3 Kd6 24. Re1 Re8 25. Rde2 Nc3 
26. Re3 Nd5 27. R3e2 Nc3 28. Re3 Nd5 
1/2-1/2

[Event "34th Chess Olympiad (men)"]
[Site "Istanbul"]
[Date "2000.11.05"]
[Round "8.26.4"]
[White "Mohr, Georg"]
[Black "Renteria, Jorge"]
[WhiteElo "2492"]
[BlackElo "2271"]
[WhiteCountry "SLO"]
[BlackCountry "COL"]
[Result "1-0"]

1. Nf3 c5 2. c4 Nf6 3. Nc3 b6 4. g3 Bb7 5. Bg2 e6 6. O-O a6 7. d4 cxd4 
8. Qxd4 d6 9. Bg5 Nbd7 10. Rfd1 Be7 11. Rac1 O-O 12. Bxf6 Nxf6 13. Qd3 Qc7 
14. Nd4 Bxg2 15. Kxg2 Rac8 16. b3 Qb7+ 17. Kg1 Rfd8 18. e4 g6 19. f4 d5 
20. cxd5 exd5 21. e5 Ne4 22. Kg2 Ba3 23. Rc2 Bb4 24. Nce2 Rxc2 25. Qxc2 Rc8 
26. Qd3 Nc3 27. Rc1 Nxe2 28. Rxc8+ Qxc8 29. Nxe2 Qb7 30. Kf3 a5 31. g4 Qc6 
32. f5 Qc5 33. Qd4 Qc6 34. h4 Bc5 35. Qd3 Bb4 36. h5 Bc5 37. hxg6 hxg6 
38. fxg6 fxg6 39. Nf4 d4+ 40. Qe4 Qxe4+ 41. Kxe4 Kf7 42. Ne2 d3 43. Kxd3 Bf2 
44. Ke4 Ke7 45. Kd5 
1-0

[Event "34th Chess Olympiad (men)"]
[Site "Istanbul"]
[Date "2000.11.05"]
[Round "8.27.1"]
[White "Nguyen, Anh"]
[Black "Yrjola, Jouni"]
[WhiteElo "2487"]
[BlackElo "2442"]
[WhiteCountry "VIE"]
[BlackCountry "FIN"]
[Result "1-0"]

1. d4 d6 2. e4 Nf6 3. Nc3 g6 4. Be3 c6 5. Qd2 Nbd7 6. Nf3 Qc7 7. O-O-O b5 
8. e5 b4 9. Nb5 cxb5 10. exf6 Nxf6 11. Bxb5+ Bd7 12. Qxb4 Bg7 13. Qc4 Qb6 
14. Bxd7+ Nxd7 15. Rd3 O-O 16. Rb3 Qa5 17. Kb1 Rfc8 18. Qd3 Qc7 19. h4 Nb6 
20. h5 Nd5 21. Bd2 a5 22. hxg6 hxg6 23. Rb5 e6 24. Rc1 a4 25. a3 Qc6 26. c4 Nc7 
27. Rb4 Na6 28. Rb5 Nc7 29. Ra5 Rab8 30. Bc3 Na8 31. d5 exd5 32. Bxg7 Kxg7 
33. Rxd5 Qb6 34. Qc3+ f6 35. Qd2 Rd8 36. Rh1 Rh8 37. Re1 Rhd8 38. Re7+ Kf8 
39. Re6 Nc7 40. Qh6+ Kf7 41. Ng5+ 
1-0

[Event "34th Chess Olympiad (men)"]
[Site "Istanbul"]
[Date "2000.11.05"]
[Round "8.27.2"]
[White "Karttunen, Mika"]
[Black "Tu Hoang, Thong"]
[WhiteElo "2399"]
[BlackElo "2514"]
[WhiteCountry "FIN"]
[BlackCountry "VIE"]
[Result "1/2-1/2"]

1. d4 d5 2. c4 c6 3. Nf3 e6 4. g3 f5 5. Bg2 Nf6 6. O-O Bd6 7. Bf4 Bxf4 
8. gxf4 O-O 9. e3 b6 10. Nbd2 Nbd7 11. b4 a5 12. b5 cxb5 13. cxb5 Bb7 
14. Rc1 Rc8 15. Rxc8 Qxc8 16. Qb3 Qc7 17. Qa3 Rc8 18. Nb3 Qd8 19. Qd6 Nf8 
20. Qxd8 Rxd8 21. Rc1 Rc8 22. Ne5 Ng6 23. Rxc8+ Bxc8 
1/2-1/2

[Event "34th Chess Olympiad (men)"]
[Site "Istanbul"]
[Date "2000.11.05"]
[Round "8.27.3"]
[White "To, Quoc Khanh"]
[Black "Holmsten, Aleksei"]
[WhiteElo "2000"]
[BlackElo "2383"]
[WhiteCountry "VIE"]
[BlackCountry "FIN"]
[Result "0-1"]

1. e4 c5 2. b3 Nc6 3. Bb2 e5 4. Bc4 d6 5. Ne2 Nf6 6. Nbc3 Be6 7. O-O Be7 
8. f4 O-O 9. f5 Bxc4 10. bxc4 Nd4 11. Ng3 Rb8 12. a4 a6 13. Nd5 b5 
14. axb5 axb5 15. Ra7 Nc6 16. Rxe7 Nxd5 17. cxd5 Nxe7 18. f6 gxf6 19. Nh5 Kh8 
20. d4 cxd4 21. Bc1 f5 22. Nf6 f4 23. Qh5 Kg7 24. Bxf4 exf4 25. Rxf4 h6 
26. Ng4 Ng8 27. Rf6 Qxf6 28. Nxf6 Nxf6 29. Qf3 Rbd8 30. Qg3+ Kh8 31. Qf2 Ng8 
32. Qxd4+ f6 33. Qb6 Rfe8 34. h3 Rc8 35. Qxd6 Rxe4 36. Qb6 Rxc2 37. d6 Rd2 
0-1

[Event "34th Chess Olympiad (men)"]
[Site "Istanbul"]
[Date "2000.11.05"]
[Round "8.27.4"]
[White "Nouro, Mikael"]
[Black "Nguyen, Thanh Son"]
[WhiteElo "2397"]
[BlackElo "2000"]
[WhiteCountry "FIN"]
[BlackCountry "VIE"]
[Result "0-1"]

1. e4 e5 2. Nf3 Nf6 3. Nc3 Nc6 4. Bb5 Nd4 5. Ba4 c6 6. d3 Bc5 7. O-O Nxf3+ 
8. Qxf3 d6 9. Be3 O-O 10. Bxc5 dxc5 11. Bb3 Qe7 12. Qe3 Nh5 13. Ne2 b6 
14. f4 exf4 15. Nxf4 Nxf4 16. Rxf4 Be6 17. Raf1 Rad8 18. Kh1 Rd6 19. Qf3 Bxb3 
20. axb3 f6 21. Rh4 h6 22. Qg4 f5 23. Qg3 fxe4 24. Rxf8+ Qxf8 25. Rf4 Qe7 
26. Qe1 e3 27. Re4 Qf6 28. Rxe3 Qxb2 29. Re8+ Kh7 30. Qe4+ Rg6 31. h4 Qxc2 
32. Kh2 Qd1 33. Rh8+ Kxh8 34. Qxg6 Qxb3 35. Qe8+ Qg8 36. Qxc6 Qd8 37. Qe4 a5 
38. Kh3 b5 39. g4 a4 40. Qg6 a3 41. g5 a2 42. Qa6 Qxd3+ 43. Kg4 a1=Q 
0-1

[Event "34th Chess Olympiad (men)"]
[Site "Istanbul"]
[Date "2000.11.05"]
[Round "8.28.1"]
[White "Weiss, Christian"]
[Black "Egger, Jorge"]
[WhiteElo "2386"]
[BlackElo "2433"]
[WhiteCountry "AUT"]
[BlackCountry "CHI"]
[Result "0-1"]

1. g3 g6 2. Bg2 Bg7 3. c4 d6 4. Nc3 Nf6 5. e4 O-O 6. Nge2 c5 7. O-O Nc6 8. d3
Ne8 9. f4 f5 10. Rb1 Nc7 11. a3 a5 12. Nd5 Na6 13. Nec3 Nd4 14. Ne3 Rb8 15. h4
Bd7 16. h5 e6 17. hxg6 hxg6 18. Kf2 Nc7 19. exf5 exf5 20. b4 axb4 21. axb4 cxb4
22. Ncd5 b3 23. Nxc7 Qxc7 24. Nd5 Qc5 25. Be3 Rfe8 26. Re1 Rxe3 27. Nxe3 Nc2
28. Bd5+ Kf8 29. Rxb3 Nxe3 30. Rxe3 Re8 31. d4 Bxd4 32. Qc1 Bc6 0-1

[Event "34th Chess Olympiad (men)"]
[Site "Istanbul"]
[Date "2000.11.05"]
[Round "8.28.2"]
[White "Valenzuela, Luis"]
[Black "Sommerbauer, Norbert"]
[WhiteElo "2426"]
[BlackElo "2391"]
[WhiteCountry "CHI"]
[BlackCountry "AUT"]
[Result "0-1"]

1. d4 d5 2. c4 dxc4 3. Nf3 e6 4. Nc3 c6 5. a4 Bb4 6. e3 b5 7. Bd2 a5 8. axb5
Bxc3 9. Bxc3 cxb5 10. b3 Bb7 11. d5 $5 (11. bxc4 b4 12. Bb2 Nf6 13. Bd3 O-O (
13... Nbd7 14. O-O Qc7 15. Re1 O-O 16. c5 Ne4 17. Qc2 Qc6 18. Qe2 Ba6 19. Bxa6
Rxa6 20. d5 exd5 21. Nd4 Qa8 22. Nf5 Ndf6 23. c6 Re8 24. f3 Nc3 25. Bxc3 bxc3
26. Nd4 Rb6 27. Qd3 Rb4 28. Rec1 a4 29. Rxc3 Qa5 30. c7 Rc4 31. Rxc4 dxc4 32.
Qxc4 Rc8 33. Nb5 Ne8 34. Qg4 Qa6 35. Qd7 Kf8 36. Rd1 a3 37. Nd6 Qxd6 38. Rxd6
Rxc7 39. Qd8 a2 40. Rd1 Rb7 41. Qd3 {
1-0 Kholmov,R-Bykhovsky,A/USSR 1967/Inf 03 (41)}) (13... Be4 14. Bxe4 Nxe4 15.
Qc2 Nf6 16. e4 Nfd7 17. O-O O-O 18. c5 Qc7 19. Rfc1 Rc8 20. Qd2 Ra6 21. h4 Nf6
22. d5 Nxe4 23. Qd4 Nf6 24. d6 Qb7 25. Ne5 Nc6 26. Nxc6 Qxc6 27. g4 Rd8 28. g5
Ne8 29. Re1 Qb7 30. Re4 Qd7 31. h5 Rb8 32. Qd3 Ra7 33. h6 f5 34. gxf6 gxf6 35.
Rg4+ Kh8 36. c6 Qxc6 37. Qg3 {1-0 Knaak,R-Vera,R/Berlin 1982/Inf 34 (37)}) 14.
O-O Nbd7 15. Re1 Re8 16. c5 Bc6 17. Bc2 Qc7 18. Nd2 Red8 19. e4 Qf4 20. g3 Qh6
21. e5 Nd5 22. Ne4 f5 23. exf6 N5xf6 24. Nxf6+ Nxf6 25. Rxe6 Qh3 26. Rxc6 Ng4
27. Qf3 Qxh2+ 28. Kf1 Rf8 29. Bf5 Rae8 30. Re6 Nxf2 31. Rxe8 Rxe8 32. Re1 {
1-0 Yermolinsky,A-Lastin,A/Budapest 1999/EXT 2000 (32)}) 11... Nf6 12. bxc4 b4
13. Bxf6 Qxf6 14. Nd4 (14. Qa4+ Nd7 15. Nd4 e5 $1 16. Nb3 Ke7 17. Qb5 $1 Ba6 (
17... Rhb8) 18. Qxa5 Rhb8 19. d6+ Ke8 $5 20. Be2 Bb7 21. Qc7 Rxa1+ 22. Nxa1
Bxg2 23. Rg1 e4 24. Nb3 Qc3+ 25. Nd2 Bf3 26. Bd1 Bxd1 27. Kxd1 Ra8 $19 {
Ionov,S-Moroz,A/USSR 1984/Inf 40 (27)}) 14... O-O 15. e4 (15. Be2 exd5 16. Bf3
Qb6 17. cxd5 Nd7 18. O-O Nc5 19. Nb3 Rfc8 20. Qd4 a4 21. Nd2 Nd7 22. Qf4 Qb5
23. Ne4 Qc4 24. Nd6 Qxf4 25. exf4 Ba6 26. Nxc8 Bxf1 27. Ne7+ Kf8 28. d6 Ra6 29.
Rxf1 b3 30. Rc1 g6 31. Rc8+ Kg7 32. Rg8+ Kf6 33. Nd5+ Ke6 34. Nc7+ Kf5 35. Rg7
Rxd6 36. Rxf7+ Nf6 37. Nb5 Rb6 38. Na3 b2 39. h3 b1=Q+ 40. Nxb1 Rxb1+ 41. Kh2
a3 42. Bg4+ Ke4 43. Bf3+ Kd4 44. Ra7 Rb3 45. Ra6 Nd5 46. Rd6 Rxf3 47. gxf3 a2
48. Ra6 Nb4 49. Ra3 Kd5 50. Kg3 Ke6 51. Ra5 Kf6 52. Kh4 Nd3 53. Rxa2 Nxf4 54.
Kg4 Nd3 55. f4 h5+ 56. Kf3 Nc5 57. Rc2 Ne6 58. Rc6 Kf5 59. Rc4 Ng7 60. Rc5+ Kf6
61. Ke4 Nf5 62. Rxf5+ gxf5+ 63. Kd5 h4 64. Kd6 {
1-0 Kempa,S-Mietus,K/Poraj  1997/EXT 2000 (64)}) 15... exd5 (15... Qe5 $1 16.
Be2 Qxe4 17. O-O exd5 18. Bf3 Qe5 19. Re1 Qg5 20. Qa4 Qf6 21. Rad1 Nc6 22. Nb3
Ne5 23. Bxd5 Bxd5 24. cxd5 Rfc8 $17) 16. exd5 Re8+ (16... Nd7 $6 17. Be2 Rfc8
18. O-O Nb6 19. Re1 a4 20. Qd2 a3 21. Nc2 Nxc4 22. Qxb4 Bxd5 $15) 17. Be2 Re4
$1 18. Nb3 (18. Nf3 $142 Nd7 19. O-O Nc5 20. Bd3) 18... Qc3+ 19. Kf1 $2 (19.
Nd2 Re7 20. O-O a4 21. d6 Re8 22. Rxa4 Rxa4 23. Qxa4 Rxe2 24. Qa7 Re8 $17)
19... a4 20. Nc5 $6 (20. f3 Re8 21. Nd4 b3 22. Nb5 Qe5 23. Ra3 Nd7 $19) 20...
Rxe2 $1 $19 21. Kxe2 Qxc4+ 22. Nd3 (22. Qd3 Qxc5) 22... Nd7 23. Rxa4 Re8+ 24.
Kf1 Ba6 $6 (24... Qxd5 $1 25. Qf3 Qb3 26. Rxb4 Qc3 27. Qd1 Ba6 $19) 25. Rxa6
Qxa6 26. h4 (26. Kg1 Qd6 27. h3 Nf6 28. Qc1 Nxd5 $19) 26... Nc5 $17 (26... Nf6
$142 27. Kg1 Nxd5 $19) 27. Rh3 b3 28. d6 (28. Kg1 Nxd3 29. Rxd3 b2 $19) 28...
b2 $19 29. d7 Nxd7 30. Kg1 Qa1 31. Nxb2 Re1+ 0-1

[Event "34th Chess Olympiad (men)"]
[Site "Istanbul"]
[Date "2000.11.05"]
[Round "8.28.3"]
[White "Miniboeck, Guenter"]
[Black "Michel, Yunis Christian D"]
[WhiteElo "2413"]
[BlackElo "2380"]
[WhiteCountry "AUT"]
[BlackCountry "CHI"]
[Result "1/2-1/2"]

1. d4 Nf6 2. c4 c5 3. d5 b5 4. cxb5 a6 5. e3 g6 6. Nc3 Bg7 7. Nf3 O-O 8. a4
axb5 9. Bxb5 d6 10. O-O Ne8 11. Nd2 Nc7 12. Ra3 Nxb5 13. Nxb5 Na6 14. Nc4 Nc7
15. Nxc7 Qxc7 16. Qc2 Ba6 17. b3 Rfb8 18. e4 Bd4 19. Bd2 e6 20. h3 exd5 21.
exd5 Qb7 22. Qe4 Qd7 23. Re1 Re8 24. Qc2 Rxe1+ 25. Bxe1 Qb7 26. Qe4 Bxc4 27.
bxc4 Qb2 28. Rf3 Qc1 29. Qe7 Rf8 30. Qe2 Be5 31. g3 Rb8 32. Kg2 Rb2 33. Qe4 f5
34. Qh4 Qxe1 35. Qd8+ Kf7 36. Qd7+ Kg8 37. Qe8+ Kg7 1/2-1/2

[Event "34th Chess Olympiad (men)"]
[Site "Istanbul"]
[Date "2000.11.05"]
[Round "8.28.4"]
[White "Abarca, Manuel"]
[Black "Hoelzl, Franz"]
[WhiteElo "2000"]
[BlackElo "2394"]
[WhiteCountry "CHI"]
[BlackCountry "AUT"]
[Result "0-1"]

1. d4 Nf6 2. c4 e6 3. Nf3 d5 4. Nc3 dxc4 5. e3 a6 6. a4 c5 7. Bxc4 Nc6 8. O-O
Be7 9. Re1 O-O 10. Bb3 Nb4 11. Qe2 b6 12. Bd2 Bb7 13. Red1 Rc8 14. Be1 Qc7 15.
Rac1 Qb8 16. h3 Qa8 17. dxc5 Rxc5 18. Na2 Nxa2 19. Bxa2 Ne4 20. Rxc5 Nxc5 21.
a5 b5 22. Bb4 Rc8 23. Rc1 Bf8 24. Ne1 g6 25. Ba3 h5 26. Bb4 Qb8 27. Rd1 Bg7 28.
f3 Qg3 29. Qf2 h4 30. Qxg3 hxg3 31. b3 Bh6 32. f4 Bg7 33. Rc1 Ne4 34. Rxc8+
Bxc8 35. Bb1 Nc3 36. Bd3 Bb7 37. Bc5 Bd5 38. b4 Ne4 39. Bxe4 Bxe4 40. Nf3 Bc3
41. Kf1 f6 42. Kg1 Kf7 43. Nd4 Be1 44. Kh1 Bf2 45. Nb3 Bd5 46. Nd2 f5 47. h4
Kg7 48. Nf3 Bxf3 49. gxf3 Kf7 50. Kg2 Ke8 51. Kf1 Kd7 52. Ke2 Kc6 53. Bb6 Kd5
54. Kd3 Be1 55. e4+ Kc6 56. Kd4 (56. Kd4 Bxb4 57. Ke5 Bc5 58. Kxe6 g2 $19) 0-1

[Event "34th Chess Olympiad (men)"]
[Site "Istanbul"]
[Date "2000.11.05"]
[Round "8.29.1"]
[White "Mitkov, Nikola"]
[Black "Ghaem, Maghami Ehsan"]
[WhiteElo "2532"]
[BlackElo "2488"]
[WhiteCountry "FRM"]
[BlackCountry "IRI"]
[Result "1/2-1/2"]

1. e4 c5 2. Nc3 e6 3. Nf3 a6 4. d4 cxd4 5. Nxd4 b5 6. Bd3 Qb6 7. Nb3 Nc6 
8. a4 b4 9. a5 Qc7 10. Na4 Nxa5 11. Nxa5 Qxa5 12. Be3 Qc7 13. Nb6 Rb8 
14. Nxc8 Rxc8 15. Rxa6 Bc5 16. Qg4 Qe5 17. Bxc5 Rxc5 18. Qg3 Qxg3 19. Ra8+ Ke7 
20. hxg3 g5 21. Ke2 Kf6 22. Rd8 d5 23. exd5 Rxd5 24. Rb8 Kg7 25. Ra1 Nf6 
26. Rxb4 Rhd8 27. Ra7 Nd7 28. Rb5 Nc5 29. Raa5 Nxd3 30. Rxd5 Nc1+ 31. Kd1 exd5 
32. Kxc1 Kf6 33. Kd2 h5 34. b4 h4 35. Ra3 Rb8 36. Rf3+ Ke5 37. Re3+ Kd6 
38. Rb3 hxg3 39. fxg3 Rh8 40. Ke3 Rc8 41. b5 Re8+ 42. Kd3 Kc7 43. Kd4 Re2 
44. Rf3 Rxc2 45. Rc3+ Rxc3 46. Kxc3 Kb6 47. Kd4 Kxb5 48. Kxd5 g4 49. Ke5 Kc5 
50. Kf5 Kd4 51. Kxg4 Ke3 52. Kh3 Kf2 53. g4 f6 54. Kh2 Kf1 55. Kg3 Kg1 
56. Kf3 Kh2 57. Kf2 Kh1 58. Kg3 Kg1 59. Kh3 Kf2 60. Kh2 Kf1 61. Kg3 Kg1 
62. Kf3 Kh2 63. g3 Kg1 64. g5 fxg5 65. Kg4 Kg2 
1/2-1/2

[Event "34th Chess Olympiad (men)"]
[Site "Istanbul"]
[Date "2000.11.05"]
[Round "8.29.2"]
[White "Bagheri, Amir"]
[Black "Nedev, Trajce"]
[WhiteElo "2409"]
[BlackElo "2487"]
[WhiteCountry "IRI"]
[BlackCountry "FRM"]
[Result "1/2-1/2"]

1. d4 Nf6 2. Nf3 g6 3. Bg5 Bg7 4. Nbd2 O-O 5. e4 d6 6. c3 c5 7. dxc5 dxc5 
8. Be2 Nc6 9. O-O Qc7 10. Qc2 Rd8 11. Rfd1 Be6 12. Nc4 Rxd1+ 13. Rxd1 Rd8 
14. Rxd8+ Qxd8 15. a4 h6 16. Be3 b6 17. h3 Ne8 18. Qd2 Qxd2 19. Nfxd2 g5 
20. Bg4 Bxg4 21. hxg4 Nf6 22. f3 Nd7 23. Kf2 Kf8 24. g3 Nce5 25. Ke2 Ke8 
26. Nxe5 Nxe5 27. b4 cxb4 28. cxb4 Nc6 
1/2-1/2

[Event "34th Chess Olympiad (men)"]
[Site "Istanbul"]
[Date "2000.11.05"]
[Round "8.29.3"]
[White "Bogdanovski, Vlatko"]
[Black "Mahjoob, Morteza"]
[WhiteElo "2435"]
[BlackElo "2337"]
[WhiteCountry "FRM"]
[BlackCountry "IRI"]
[Result "1/2-1/2"]

1. d4 f5 2. g3 Nf6 3. Bg2 g6 4. Nf3 Bg7 5. O-O O-O 6. Nbd2 d6 7. c3 a5 
8. Re1 d5 9. Ne5 Nbd7 10. Nd3 Qe8 11. Nf3 h6 12. Nfe5 g5 13. c4 e6 14. b3 Nxe5 
15. dxe5 dxc4 16. bxc4 Nd7 17. f4 gxf4 18. Bxf4 Qe7 19. Qc1 Nxe5 20. Nxe5 Bxe5 
21. Rb1 c6 22. Bxh6 Bg7 23. e4 e5 24. Bg5 Qf7 25. Rb2 Be6 26. exf5 Bxf5 
27. Be4 Qg6 28. Bxf5 Rxf5 29. Be3 Rf7 30. Qb1 Qg4 31. Rxb7 Qxc4 32. Rc1 Qe6 
33. Rxf7 Qxf7 34. Rxc6 Rd8 35. Rc1 Qf3 36. Qb3+ Kh7 37. Rf1 Qe4 38. Qb1 Rd3 
39. Re1 Qd5 40. Bf2 e4 41. Qc2 Bc3 42. Rf1 Qc4 43. Qb1 Qb4 
1/2-1/2

[Event "34th Chess Olympiad (men)"]
[Site "Istanbul"]
[Date "2000.11.05"]
[Round "8.29.4"]
[White "Ghane, Shojaat"]
[Black "Kizov, Atanas"]
[WhiteElo "2315"]
[BlackElo "2306"]
[WhiteCountry "IRI"]
[BlackCountry "FRM"]
[Result "0-1"]

1. d4 Nf6 2. c4 g6 3. Nc3 Bg7 4. e4 d6 5. Nf3 O-O 6. Be2 c6 7. O-O e5 
8. Qc2 exd4 9. Nxd4 Ng4 10. Bxg4 Bxg4 11. Be3 c5 12. Nde2 Nc6 13. f3 Be6 
14. b3 Nd4 15. Qd3 Nxe2+ 16. Nxe2 Bxa1 17. Rxa1 Qf6 18. Rb1 Rfd8 19. Bc1 Qe7 
20. Bb2 f6 21. Qc3 a6 22. g4 b5 23. Nf4 Bf7 24. g5 bxc4 25. gxf6 Qe5 
26. Qxe5 dxe5 27. Bxe5 cxb3 28. axb3 g5 29. Nh3 h6 30. Nf2 Be6 31. h4 Kf7 
32. hxg5 hxg5 33. Kg2 Rac8 34. Rh1 Kg6 35. Rb1 Rd7 36. Bc3 Rb8 37. e5 Rxb3 
0-1

[Event "34th Chess Olympiad (men)"]
[Site "Istanbul"]
[Date "2000.11.05"]
[Round "8.30.1"]
[White "Bamualem, Abdullah"]
[Black "Hatanbaatar, Bazar"]
[WhiteElo "2000"]
[BlackElo "2507"]
[WhiteCountry "YEM"]
[BlackCountry "MGL"]
[Result "0-1"]

1. d4 Nf6 2. c4 e6 3. Nc3 Bb4 4. Qc2 O-O 5. Bg5 c5 6. e3 cxd4 7. exd4 Be7 
8. Bd3 h6 9. Bf4 b6 10. Nf3 Bb7 11. Be2 d5 12. cxd5 Nxd5 13. Nxd5 Qxd5 
14. O-O Nc6 15. Rfd1 Bf6 16. Be5 Be7 17. a3 Rac8 18. Qd3 Rfd8 19. Ne1 Nxe5 
20. dxe5 Qxe5 21. Qe3 Qxb2 22. Nd3 Qf6 23. Nf4 Bc5 24. Qg3 Bd6 25. Nh5 Qxa1 
26. Rxa1 Bxg3 27. Nxg3 Rc2 
0-1

[Event "34th Chess Olympiad (men)"]
[Site "Istanbul"]
[Date "2000.11.05"]
[Round "8.30.2"]
[White "Sharavdorj, Dashzeveg"]
[Black "Faraj, Yahya"]
[WhiteElo "2448"]
[BlackElo "2265"]
[WhiteCountry "MGL"]
[BlackCountry "YEM"]
[Result "1-0"]

1. Nf3 f5 2. g3 Nf6 3. Bg2 g6 4. b3 d6 5. d4 Bg7 6. Bb2 O-O 7. O-O c6 8. c4 e6 
9. Nbd2 Qc7 10. Qc2 Nbd7 11. e4 fxe4 12. Nxe4 Nxe4 13. Qxe4 Nf6 14. Qe2 Bd7 
15. c5 Rae8 16. cxd6 Qxd6 17. Ne5 Nd5 18. Nc4 Qc7 19. Ba3 Bxd4 20. Bxf8 Rxf8 
21. Rac1 b5 22. Nd2 Nc3 23. Qd3 b4 24. Ne4 c5 25. Nxc3 bxc3 26. Rc2 Qb6 
27. Rfc1 Bb5 28. Qe4 c4 29. Kh1 cxb3 30. axb3 Rc8 31. f4 a5 32. Rd1 Rd8 
33. Ra2 Ba6 34. Ra4 Bf6 35. Rxd8+ Bxd8 36. Ra1 Bf6 37. Rd1 Bb5 38. g4 Kf7 
39. h4 Bd4 40. g5 Ke7 
1-0

[Event "34th Chess Olympiad (men)"]
[Site "Istanbul"]
[Date "2000.11.05"]
[Round "8.30.3"]
[White "Al, Hadarani Hatim"]
[Black "Erhembayar, Duurenbayar"]
[WhiteElo "2374"]
[BlackElo "2301"]
[WhiteCountry "YEM"]
[BlackCountry "MGL"]
[Result "0-1"]

1. c4 Nf6 2. g3 g6 3. Bg2 Bg7 4. Nc3 O-O 5. d4 c5 6. d5 d6 7. e4 Nbd7 
8. Nge2 Ne5 9. b3 Bg4 10. h3 Bf3 11. O-O Nfd7 12. Bxf3 Nxf3+ 13. Kg2 Nd4 
14. Bd2 b5 15. cxb5 a6 16. bxa6 Rxa6 17. Rc1 Qb6 18. h4 h5 19. Nxd4 cxd4 
20. Na4 Qb5 21. Bg5 f6 22. Bf4 f5 23. f3 Nc5 24. Nxc5 Rxa2+ 25. Rf2 Rxf2+ 
26. Kxf2 dxc5 27. e5 Rd8 28. d6 exd6 29. exd6 Bf8 30. Qe1 Kf7 31. Qe5 Rxd6 
32. Rxc5 Qxb3 33. Rc7+ Kg8 34. Bh6 Qa2+ 35. Kf1 Re6 36. Rg7+ 
0-1

[Event "34th Chess Olympiad (men)"]
[Site "Istanbul"]
[Date "2000.11.05"]
[Round "8.30.4"]
[White "Byambaa, Zulzaga"]
[Black "Al Badani, Abdo"]
[WhiteElo "2273"]
[BlackElo "2000"]
[WhiteCountry "MGL"]
[BlackCountry "YEM"]
[Result "1-0"]

1. e4 e5 2. Nf3 Nf6 3. d4 d5 4. Nxe5 dxe4 5. Bc4 Be6 6. Bxe6 fxe6 7. O-O Bd6 
8. Bg5 Bxe5 9. dxe5 Qxd1 10. Rxd1 Nfd7 11. Nc3 h6 12. Bf4 Rf8 13. Bg3 e3 
14. Nb5 exf2+ 15. Bxf2 Na6 16. Bd4 Ke7 17. Rd2 c6 18. Nd6 b5 19. b3 Nc7 
20. c4 c5 21. Bb2 b4 22. Rad1 Nb6 23. a3 bxa3 24. Bxa3 Na6 25. Rd3 Rab8 
26. Rg3 g5 27. h4 Rg8 28. Rf1 Rbf8 29. Rxf8 Rxf8 30. hxg5 Rg8 31. gxh6 Rxg3 
32. h7 Rxb3 33. h8=Q Rxa3 34. Qg7+ Kd8 35. Qf8+ Kd7 36. Qe8+ 
1-0